Normal view
MARC view
- I.M. Gel Fand,N.Ya. Vilenkin
Entry Personal Name
001 - CONTROL NUMBER
- control field: 20348
003 - CONTROL NUMBER IDENTIFIER
- control field: NUST
005 - DATE AND TIME OF LATEST TRANSACTION
- control field: 20190913055127.0
008 - FIXED-LENGTH DATA ELEMENTS
- fixed length control field: 190913|| aca||aabn | a|a d
040 ## - CATALOGING SOURCE
- Original cataloging agency: NUST
- Transcribing agency: NUST
100 ## - HEADING--PERSONAL NAME
- Personal name: I.M. Gel Fand,N.Ya. Vilenkin
670 ## - SOURCE DATA FOUND
- Source citation: Work cat.: (NUST): I.M. Gel Fand,N.Ya. Vilenkin, Generalized Function Volume 4.Applications of Harmonic Analysis , 1964
